| 000 | 01091nam a22002897a 4500 | ||
|---|---|---|---|
| 001 | 908 | ||
| 005 | 20231110135030.0 | ||
| 020 | _a0439376114 | ||
| 040 |
_aDLC _cDLC _dDLC _beng |
||
| 050 | 0 | 0 |
_aPZ7.P63123 _bCas 2003 |
| 082 | 0 | 0 |
_a813.54 _221 |
| 100 | 1 |
_aPilkey, Dav, _d1966- |
|
| 245 | 1 | 0 |
_aCaptain Underpants and the big, bad battle of the Bionic Booger Boy, part 2 : _bthe revenge of the ridiculous Robo-Boogers : the seventh epic novel / _cDav Pilkey. |
| 260 |
_aNew York : _bScholastic, _c2004. |
||
| 300 |
_a170 pages : _billustrations ; _c20 cm. |
||
| 505 | _aR | ||
| 520 | _aGeorge, Harold, Captain Underpants, and Sulu the bionic hamster battle the three ridiculous Robo-Boogers in an attempt to turn the Bionic Booger Boy back into Melvin Sneedly. | ||
| 521 |
_a710
_bLexile |
||
| 521 |
_aR
_bRaz-Plus |
||
| 650 | 1 |
_aSchool principals _vFiction. |
|
| 650 | 1 |
_aSchools _vFiction. |
|
| 650 | 1 |
_aHeroes _vFiction. |
|
| 650 | 1 |
_aCartoons and comics _vFiction. |
|
| 650 | 1 | _aHumorous stories. | |
| 906 |
_a7 _bcbc _corignew _d1 _eecip _f20 _gy-gencatlg |
||
| 942 |
_2ddc _cBK _n0 |
||
| 999 |
_c908 _d908 |
||